000 00832nas a2200289 4500
001 BR0803578
003 BR-BrBNA
005 20231205112305.0
007 ta
008 230509b bl.|||p| |||| 00| 00por d
040 _aBR-BrBNA
_bpor
_cBiblioteca Nacional de Agricultura
041 _a(Pt)
072 _aH60
100 1 _aRodrigues, I.M.C.
100 1 _aFerreira, F.A.
100 1 _aGrossi, J.A.S.
100 1 _aBarbosa, J.G.
100 1 _aPaula, C.C.
100 1 _aReis, M.R.
245 1 _aOcorrência de plantas daninhas no cultivo de bromélias
650 _aBROMÉLIA
650 _aCOMPETIÇÃO DE VARIEDADE
650 _aERVA DANINHA
773 0 _tPlanta Daninha (Brazil)
_xISSN 0100-8358
_g(Oct-Dec 2007), v. 25(4) p. 727-733
_wBR0803578
909 _a202311
_bLúcia
_c55
_dLúcia Elande
942 _2AGRIS
_n0
_cANA
999 _c197222
_d197222